Semiconductor devices explained : (Record no. 178684)
[ view plain ]
| 000 -LEADER | |
|---|---|
| fixed length control field | 01030 a2200229 4500 |
| 003 - CONTROL NUMBER IDENTIFIER | |
| control field | Nust |
| 005 - DATE AND TIME OF LATEST TRANSACTION | |
| control field | 20220812155212.0 |
| 010 ## - LIBRARY OF CONGRESS CONTROL NUMBER | |
| LC control number | 99030067 |
| 020 ## - INTERNATIONAL STANDARD BOOK NUMBER | |
| International Standard Book Number | 0471988545 (cased : alk. paper) |
| 040 ## - CATALOGING SOURCE | |
| Transcribing agency | Nust |
| 082 00 - DEWEY DECIMAL CLASSIFICATION NUMBER | |
| Classification number | 621.38152,MOU |
| 100 1# - MAIN ENTRY--PERSONAL NAME | |
| Personal name | Mouthaan, Ton J. |
| 9 (RLIN) | 97037 |
| 245 10 - TITLE STATEMENT | |
| Title | Semiconductor devices explained : |
| Remainder of title | using active simulation / |
| Statement of responsibility, etc. | Ton Mouthaan ; simulation software by Siborg Systems, Inc. |
| 260 ## - PUBLICATION, DISTRIBUTION, ETC. | |
| Place of publication, distribution, etc. | Chichester [England] ; |
| -- | New York : |
| Name of publisher, distributor, etc. | J. Wiley, |
| Date of publication, distribution, etc. | c1999. |
| 300 ## - PHYSICAL DESCRIPTION | |
| Extent | xx, 325 p. : |
| Other physical details | ill. ; |
| Dimensions | 25 cm. + |
| Accompanying material | 1 computer disk (3 1/2 in.) |
| 505 ## - FORMATTED CONTENTS NOTE | |
| Formatted contents note | Semiconductor Physics (Page -21), Junctions Diodes (Page-109, Photonics Devices (Page-179), Bipolar Junction Transistors (Page-197), MOS Transistor (Page-255). |
| 650 #0 - SUBJECT ADDED ENTRY--TOPICAL TERM | |
| Topical term or geographic name entry element | Telecommunication Engineering. |
| 710 2# - ADDED ENTRY--CORPORATE NAME | |
| Corporate name or jurisdiction name as entry element | Siborg Systems Inc. |
| 9 (RLIN) | 97038 |
| 856 42 - ELECTRONIC LOCATION AND ACCESS | |
| Materials specified | Publisher description |
| Uniform Resource Identifier | <a href="http://www.loc.gov/catdir/description/wiley031/99030067.html">http://www.loc.gov/catdir/description/wiley031/99030067.html</a> |
| 856 42 - ELECTRONIC LOCATION AND ACCESS | |
| Materials specified | Table of Contents |
| Uniform Resource Identifier | <a href="http://www.loc.gov/catdir/toc/onix01/99030067.html">http://www.loc.gov/catdir/toc/onix01/99030067.html</a> |
| 942 ## - ADDED ENTRY ELEMENTS (KOHA) | |
| Koha item type | Reference |
| Source of classification or shelving scheme | |
| Withdrawn status | Lost status | Source of classification or shelving scheme | Damaged status | Not for loan | Permanent Location | Current Location | Shelving location | Date acquired | Full call number | Barcode | Date last seen | Price effective from | Koha item type | Public note |
|---|---|---|---|---|---|---|---|---|---|---|---|---|---|---|
| Military College of Signals (MCS) | Military College of Signals (MCS) | Reference | 12/12/2016 | 621.38152,MOU | MCS32315 | 12/08/2016 | 12/12/2016 | Reference | Almirah No.21, Shelf No.4 |
